Born in Ho Chi Minh City - Statistics

General Stats
  • This quiz has been taken 9 times
  • The average score is 4 of 8
Answer Stats
Hint Answer % Correct
American actor who is best known for his roles as Short Round in "Indiana Jones and the Temple of Doom" and Waymond Wang in "Everything Everywhere All at Once" 1971 Ke Huy Quan
71%
Prime Minister of Vietnam from 1997 to 2006 1933 Phan Van Khai
71%
First Vietnamese American to serve in Congress who represented Louisiana's 2nd district from 2009 to 2011 1967 Joseph Cao
57%
Author, "Monkey Bridge" "The Lotus and the Storm" 1961 Lan Cao
57%
Former pitcher who played for most notably for the Cincinnati Reds and only Vietnam-born player in the history of the MLB 1973 Danny Graves
43%
Co-founder of LinkedIn 1969 Eric Ly
43%
First Vietnamese American in space 1950 Eugene H. Trinh
43%
Director and star of the highest-grossing Vietnamese movie of all time, "Dad, I'm Sorry" 1987 Tran Thanh
43%
No matching quizzes found
Score Distribution
Percent of People with Each Score
Percentile by Number Answered
Your Score History
You have not taken this quiz